| 000 | 00640nam a22002417a 4500 | ||
|---|---|---|---|
| 003 | UA-OsUOA | ||
| 001 | 26557 | ||
| 007 | ta | ||
| 008 | 20040607b un ||||| |||| 00| 0 ukr d | ||
| 100 | _aТазиев Г. | ||
| 090 |
_a551.21 _bТ13 |
||
| 942 | _cBK | ||
| 040 |
_aUA-OsUOA _brus _cUA-OsUOA _dUA-OsUOA |
||
| 245 |
_aНа вулканах _cГ. Тазиев; Пер. с фр. М.Г. ЛеоноваПер. с фр. М.Г.Леонова |
||
| 300 |
_a263 с. _bІлюстрації |
||
| 955 | _a0 | ||
| 041 | _arus | ||
| 080 | _a551.21 | ||
| 260 |
_aМосква _bМир _c1987 |
||
| 044 | _aRU | ||
| 650 | 7 | _2UDC | |
| 999 |
_c312882 _d312882 |
||